书目信息 |
| 题名: |
中小学生数学能力心理学
|
|
| 作者: | 克鲁切茨基 著 ;赵裕春 译 | |
| 分册: | ||
| 出版信息: | 北京 教育科学出版社 1984 |
|
| 页数: | 416页 | |
| 开本: | 21cm | |
| 丛书名: | 外国教育译丛 | |
| 单 册: | ||
| 中图分类: | G447 , G633.6 | |
| 科图分类: | ||
| 主题词: | 数学-教学心理学--中学 , 教学心理学-数学--中学 , 数学-教学心理学--小学 , 教学心理学-数学--小学 | |
| 电子资源: | ||
| ISBN: | ||
| 000 | 00879oam2 2200301 450 | |
| 001 | 1559478455 | |
| 005 | 20150131163128.95 | |
| 010 | @dCNY1.50 | |
| 091 | @a7232.144 | |
| 100 | @a19950615d1984 em y0chiy0110 ea | |
| 101 | 1 | @achi@crus |
| 102 | @aCN@b110000 | |
| 105 | @ay z 000yy | |
| 200 | 1 | @a中小学生数学能力心理学@9zhong xiao xue sheng shu xue neng li xin li xue@f(苏)克鲁切茨基著@g赵裕春等译 |
| 210 | @a北京@c教育科学出版社@d1984 | |
| 215 | @a416页@d21cm | |
| 225 | 2 | @a外国教育译丛 |
| 461 | 0 | @12001 @a外国教育译丛 |
| 606 | 0 | @a数学-教学心理学@x中学 |
| 606 | 0 | @a教学心理学-数学@x中学 |
| 606 | 0 | @a数学-教学心理学@x小学 |
| 606 | 0 | @a教学心理学-数学@x小学 |
| 690 | @aG447@v5 | |
| 690 | @aG633.6@v5 | |
| 701 | 1 | @a克鲁切茨基@9ke lu qie ci ji@f苏@4著 |
| 702 | 0 | @a赵裕春@9zhao yu chun@4译 |
| 801 | 0 | @aCN@bTSSF@c20150131 |
| 905 | @aZUCC@dG447@eJY9 | |
| 中小学生数学能力心理学/(苏)克鲁切茨基著/赵裕春等译.-北京:教育科学出版社,1984 |
| 416页;21cm.-(外国教育译丛) |
| ISBN :CNY1.50 |
| ● |
| 相关链接 |
|
|
|
|
正题名:中小学生数学能力心理学
索取号:G447/JY9
 
预约/预借
| 序号 | 登录号 | 条形码 | 馆藏地/架位号 | 状态 | 备注 |
| 1 | 7857076 | 278570761 | 学院路分馆/ [索取号:G447/JY9] | 在馆 |